Statistics for Bundesliga Champions

Click here to take the quiz!

General Stats

  • This quiz has been taken 8,973 times
  • The average score is 9 of 16

Answer Stats

Titles Last Team % Correct
302020Bayern Munich
100%
82012Borussia Dortmund
94%
61983Hamburger SV
80%
71958Schalke 04
71%
319781. FC Köln
67%
42004Werder Bremen
66%
52007VfB Stuttgart
65%
51977Borussia Mönchengladbach
58%
21931Hertha BSC
57%
21954Hannover 96
47%
91968FC Nürnberg
42%
419981. FC Kaiserslautern
38%
31913VfB Leipzig
38%
21944Dresdner SC
32%
31929SpVgg Greuther Fürth
11%
21911BFC Viktoria 1889
6%

Score Distribution

Percentile by Number Answered

Percent of People with Each Score

Your Score History

You have not taken this quiz